<?xml version="1.0" encoding="UTF-8"?><?xml-stylesheet type="text/xsl" href="static/style.xsl"?><OAI-PMH xmlns="http://www.openarchives.org/OAI/2.0/" xmlns:xsi="http://www.w3.org/2001/XMLSchema-instance" xsi:schemaLocation="http://www.openarchives.org/OAI/2.0/ http://www.openarchives.org/OAI/2.0/OAI-PMH.xsd"><responseDate>2026-04-14T03:46:14Z</responseDate><request verb="GetRecord" identifier="oai:www.recercat.cat:10256/26993" metadataPrefix="marc">https://recercat.cat/oai/request</request><GetRecord><record><header><identifier>oai:recercat.cat:10256/26993</identifier><datestamp>2025-07-01T19:08:15Z</datestamp><setSpec>com_2072_452966</setSpec><setSpec>com_2072_2054</setSpec><setSpec>col_2072_452969</setSpec></header><metadata><record xmlns="http://www.loc.gov/MARC21/slim" xmlns:dcterms="http://purl.org/dc/terms/" xmlns:xsi="http://www.w3.org/2001/XMLSchema-instance" xmlns:doc="http://www.lyncode.com/xoai" xsi:schemaLocation="http://www.loc.gov/MARC21/slim http://www.loc.gov/standards/marcxml/schema/MARC21slim.xsd">
   <leader>00925njm 22002777a 4500</leader>
   <datafield ind2=" " ind1=" " tag="042">
      <subfield code="a">dc</subfield>
   </datafield>
   <datafield ind2=" " ind1=" " tag="720">
      <subfield code="a">Godino Apud, Andrea Silvana</subfield>
      <subfield code="e">author</subfield>
   </datafield>
   <datafield ind2=" " ind1=" " tag="260">
      <subfield code="c">2025-02</subfield>
   </datafield>
   <datafield ind2=" " ind1=" " tag="520">
      <subfield code="a">La prisión preventiva como medida cautelar hace tiempo no puede ser caracterizada como&#xd;
excepcional, por lo que resulta necesario que los operadores profundicemos el estudio de la forma en la que&#xd;
analizamos sus requisitos de procedencia. Este trabajo busca identificar los principales problemas que&#xd;
presenta la justificación de la existencia de peligros procesales, por entender que en la práctica jurídica es&#xd;
el que exhibe mayores dificultades. Para ello, se formulan 3 preguntas orientadoras: 1) ¿Qué debe&#xd;
probarse?, 2) ¿Cómo probamos ello?, y 3) ¿Cuándo estamos justificados a aceptar ciertos contenidos&#xd;
proposicionales? Atento a que la justificación de la quaestio facti de la prisión preventiva implica la&#xd;
evaluación de una hipótesis probabilística respecto a la ocurrencia -o no- de hechos futuros, entendiendo&#xd;
que debe acreditarse la identificación de patrones o frecuencias de eventos que permiten sostener la&#xd;
existencia del peligro, como así también la garantía y respaldo de dichos argumentos. Asumo que la prueba&#xd;
estadística es la que nos permitirá determinar el riesgo, proponiendo la formulación de un estándar que&#xd;
cumpla con los lineamientos establecidos por la Corte IDH y se base en la información brindada por la&#xd;
prueba estadística, resultando sumamente necesario contar con investigaciones empíricas que la sustenten</subfield>
   </datafield>
   <datafield ind2=" " ind1=" " tag="520">
      <subfield code="a">Pre-trial detention as a precautionary measure cannot be characterized as exceptional, so it is&#xd;
necessary to deepen the study of the way in which we analyze its requirements for admissibility. This work&#xd;
seeks to identify the main problems that arise in justifying the existence of procedural risks, as it is&#xd;
understood that, in legal practice, this is the area that presents the greatest difficulties. To this end, three&#xd;
guiding questions are formulated: 1) What must be proved? 2) How do we prove it? and 3) When are we&#xd;
justified in accepting certain propositional contents? Given that the justification of the quaestio facti of&#xd;
pretrial detention involves the evaluation of a probabilistic hypothesis regarding the occurrence—or not—&#xd;
of future events, it is understood that the identification of patterns or frequencies of events that support the&#xd;
existence of the risk, as well as the guarantee and backing of such arguments, must be accredited.&#xd;
I assume that statistical evidence is what will allow us to determine the risk, proposing the formulation of a&#xd;
standard that meets the guidelines established by the Inter-American Court of Human Rights and is based&#xd;
on the information provided by statistical evidence, making it extremely necessary to have empirical&#xd;
research to support it</subfield>
   </datafield>
   <datafield ind2=" " ind1=" " tag="520">
      <subfield code="a">16</subfield>
   </datafield>
   <datafield ind1="8" ind2=" " tag="024">
      <subfield code="a">http://hdl.handle.net/10256/26993</subfield>
   </datafield>
   <datafield tag="653" ind2=" " ind1=" ">
      <subfield code="a">Presó provisional -- Argentina</subfield>
   </datafield>
   <datafield tag="653" ind2=" " ind1=" ">
      <subfield code="a">Detention of persons -- Argentina</subfield>
   </datafield>
   <datafield tag="653" ind2=" " ind1=" ">
      <subfield code="a">Danger (Law) -- Argentina</subfield>
   </datafield>
   <datafield tag="653" ind2=" " ind1=" ">
      <subfield code="a">Perill (Dret) -- Argentina</subfield>
   </datafield>
   <datafield tag="653" ind2=" " ind1=" ">
      <subfield code="a">Prova (Dret) -- Argentina</subfield>
   </datafield>
   <datafield tag="653" ind2=" " ind1=" ">
      <subfield code="a">Evidence (Law) -- Argentina</subfield>
   </datafield>
   <datafield ind2="0" ind1="0" tag="245">
      <subfield code="a">Justificación de los peligros procesales para el dictado de la prisión preventiva</subfield>
   </datafield>
</record></metadata></record></GetRecord></OAI-PMH>